Nad 26. tohtoročným číslom Zmeny Poľutovaniahodná minulosť, či nebezpečný zámer?

Bibliographic Details
Main Author: Uhliar, Ján (Author)
Format: Article
Language:Slovak
Subjects:

MARC

LEADER 00000nab a2200000 a 4500
001 vtls000504692
003 SK-MaSNL
005 20260303003133.0
008 180409c1993 xo 0 slo
015 |a SNBRB19rr/mm-uuuuu 
035 |a CL0504830 
040 |a SNKBUCL  |b slo  |c SNKBUCL  |e AACR2 
041 0 |a slo 
044 |a xo  |c SK 
080 |a 943.76"1944"  |2 1981 
080 |a 940.53  |2 1981 
100 1 |a Uhliar, Ján  |4 aut  |9 930123 
245 1 0 |a Nad 26. tohtoročným číslom Zmeny  |b Poľutovaniahodná minulosť, či nebezpečný zámer?  |c Ján Uhliar 
650 0 7 |a Slovenské národné povstanie (1944)  |2 snkbucl  |9 177948 
655 7 |a články z novín a časopisov  |2 snkbucl  |9 267496 
773 0 |t Bojovník  |g Roč. 38, č. 16 (1993), s. 1-2 
850 |a Slovenská národná knižnica v Martine  |a MTA001 
852 |a SNK  |b KIS3GCP 
958 |a RK 
958 |a SK 
992 |a RBX 
999 |c 1571313  |d 1573243